[Event "FRA-chT U20"]
[Site "Mulhouse"]
[Date "2005.12.20"]
[Round "7"]
[White "Sochacki, Wojtek"]
[Black "Bonnet, Joyce"]
[Result "1-0"]
[WhiteElo "2009"]
[BlackElo "1888"]
[PlyCount "53"]
[EventDate "2005.12.??"]
[EventType "team"]
[EventRounds "11"]
[EventCountry "FRA"]
[SourceTitle "EXT 2007"]
[Source "ChessBase"]
[SourceDate "2006.11.23"]
[SourceVersion "1"]
[SourceVersionDate "2006.11.23"]
[SourceQuality "1"]
[WhiteTeam "AECE"]
[BlackTeam "Vandoeuvre"]
[WhiteTeamCountry "FRA"]
[BlackTeamCountry "FRA"]

1. e4 c5 2. Nf3 d6 3. d4 cxd4 4. Qxd4 Nc6 5. Bb5 Bd7 6. Bxc6 Bxc6 7. Nc3 Nf6 8. Bg5 h6 9. Bxf6 gxf6 10. 0-0-0 Qa5 11. Kb1 Bg7 12. Nh4 Bd7 13. Nd5 Be6 14. Nf5 Bxd5 15. exd5 Bf8 16. Nxd6+ Kd7 17. Nf5 Rg8 18. g4 Rg6 19. Rhe1 Rc8 20. f3 Qb5 21. Qe4 Rc4 22. Nd4 Qb6 23. Qf5+ Ke8 24. h4 Rg8 25. d6 e6 26. Nxe6 fxe6 27. Qxe6+ 1-0

[Event "FRA-chT U20 0506"]
[Site "France"]
[Date "2005.11.13"]
[Round "2.1"]
[White "Genzling, Sylvie"]
[Black "Bonnet, Joyce"]
[Result "1/2-1/2"]
[WhiteElo "1971"]
[BlackElo "1888"]
[PlyCount "122"]
[EventDate "2005.11.12"]
[EventType "team"]
[EventRounds "3"]
[EventCountry "FRA"]
[SourceTitle "CBM 109 Extra"]
[Source "ChessBase"]
[SourceDate "2006.01.03"]
[SourceVersion "2"]
[SourceVersionDate "2006.01.03"]
[SourceQuality "1"]

1. e4 c5 2. Nf3 Nc6 3. d4 cxd4 4. Nxd4 Nf6 5. Nc3 d6 6. h3 g6 7. Be3 Nxd4 8. Bxd4 Bg7 9. Qd2 0-0 10. Bc4 Qa5 11. 0-0-0 Bd7 12. f3 Rfc8 13. Bb3 Be6 14. Bxe6 fxe6 15. Kb1 Rc6 16. Ne2 Qxd2 17. Rxd2 a6 18. Bc3 e5 19. Re1 Rac8 20. a3 b5 21. Nc1 Bh6 22. Rde2 Nh5 23. Na2 Nf4 24. Rf2 Bg5 25. g3 Nh5 26. Rg2 e6 27. Rd1 Rf8 28. Rd3 Be7 29. Be1 Ra8 30. Nc3 Rd8 31. Bd2 Kg7 32. f4 exf4 33. gxf4 Rf8 34. Ne2 Rc4 35. Rd4 Rc7 36. a4 e5 37. fxe5 dxe5 38. Rd5 Rf1+ 39. Bc1 bxa4 40. Rxe5 Bd6 41. Rxh5 a3 42. bxa3 Bxa3 43. Ra5 Rb7+ 44. Ka2 Bxc1 45. Nxc1 Rxc1 46. Rxa6 Re1 47. Ra4 Re7 48. Rg4 Rc7 49. Rg2 Re7 50. Rg4 Rc7 51. c4 Re3 52. h4 Rb7 53. Ra5 Re2+ 54. Ka3 Re1 55. Rb5 Re7 56. e5 R1xe5 57. Rxe5 Rxe5 58. Rf4 g5 59. hxg5 Rxg5 60. Kb4 h5 61. c5 Rg4 1/2-1/2

[Event "FRA-ch U16"]
[Site "Calvi"]
[Date "2005.04.23"]
[Round "8"]
[White "Bonnet, Joyce"]
[Black "Brethes, Francois"]
[Result "0-1"]
[WhiteElo "1750"]
[BlackElo "2161"]
[PlyCount "96"]
[EventDate "2005.04.??"]
[EventType "swiss"]
[EventRounds "9"]
[EventCountry "FRA"]
[SourceTitle "EXT 2006"]
[Source "ChessBase"]
[SourceDate "2005.11.24"]
[SourceVersion "1"]
[SourceVersionDate "2005.11.24"]
[SourceQuality "1"]

1. d4 b6 2. Nf3 Bb7 3. Bf4 Nf6 4. e3 Nh5 5. Bg5 h6 6. Bh4 g5 7. Bg3 d6 8. c3 Bg7 9. d5 e6 10. dxe6 fxe6 11. Nd4 Nxg3 12. hxg3 Qf6 13. Qg4 Ke7 14. Nd2 c5 15. Nb5 Nd7 16. Ne4 Bxe4 17. Qxe4 d5 18. Qf3 Qg6 19. Rd1 Ne5 20. Qh5 Qe4 21. Na3 g4 22. Be2 Qxg2 23. Rh2 Qe4 24. Nb1 Nf3+ 25. Bxf3 Qxf3 26. Qg6 Bf6 27. Nd2 Qf5 28. Rxh6 Rxh6 29. Qxh6 e5 30. Qh1 e4 31. Qg2 Kf7 32. Ke2 Re8 33. Rh1 d4 34. cxd4 cxd4 35. exd4 Bxd4 36. b3 e3 37. fxe3 Rxe3+ 38. Kd1 Bf6 39. Re1 Rd3 40. Qb7+ Kg6 41. Rh1 Rd7 42. Qa8 Qb1+ 43. Ke2 Qd3+ 44. Ke1 Qxd2+ 45. Kf1 Qd1+ 46. Kf2 Rd2+ 47. Ke3 Qe2+ 48. Kf4 Be5# 0-1